Riconosci l'attore dal personaggio interpretato - Statistics

Statistiche generali
  • Questo quiz è stato fatto 148 volte
  • Il punteggio medio è 14 su 20
Statistiche sulle risposte
PERSONAGGIO FILM ATTORE % Corretto
Jack Dawson Titanic Leonardo/Dicaprio
93%
Rocky Balboa Rocky Sylvester/Stallone
91%
Forrest Gump Forrest Gump Tom/Hanks
90%
Jack Sparrow Pirati dei Caraibi Johnny/Depp
87%
Hermione Granger Harry Potter Emma/Watson
86%
Tony Stark/Ironman Marvel Cinematic Universe Robert/Downey
84%
Tony Montana Scarface Al/Pacino
78%
Indiana Jones Indiana Jones Harrison/Ford
76%
Barbie Barbie Margot/Robbie
76%
Harry Potter Harry Potter Daniel/Radcliffe
73%
John Wick John Wick Keanu/Reeves
67%
John Keating L'Attimo Fuggente Robin/Williams
67%
Viviana Ward Pretty Woman Julia/Roberts
66%
Hannibal Lecter Il Silenzio degli Innocenti Anthony/Hopkins
62%
Joker Joker Joaquin/Phoenix
61%
Vito Corleone Il Padrino Marlon/Brando
61%
Benoit Blanc Knives Out (serie) Daniel/Craig
60%
Joker Il Cavaliere Oscuro Heath/Ledger
60%
Alan Turing The Imitation Game Benedict/Cumberbatch
34%
Walter White Breaking Bad Bryan/Cranston
29%
Nessun quiz corrispondente trovato
Distribuzione punteggi
Percentuale di utenti per punteggio
Percentile per numero di risposta
I tuoi punteggi nel tempo
Non hai fatto questo quiz